|
|
|
|
| LEADER |
00000cam a2200000 i 4500 |
| 001 |
1/54579 |
| 008 |
981006s1988 gr | ||| |||| ||gre|| |
| 035 |
|
|
|l 10045036
|
| 040 |
|
|
|a GR-MyUA
|b gre
|e AACR2
|
| 041 |
0 |
|
|a gre
|
| 082 |
0 |
|
|a 938.931
|
| 100 |
1 |
|
|a Κολιού, Νίτσα.
|
| 245 |
1 |
3 |
|a Οι ρίζες του εργατικού κινήματος και ο "Εργάτης" του Βόλου /
|c Νίτσα Κολιού.
|
| 260 |
|
|
|a Αθήνα :
|b Οδυσσέας,
|c 1988.
|
| 300 |
|
|
|a 295 σ. :
|b εικ. ;
|c 21 εκ.
|
| 650 |
0 |
0 |
|a Labor movement
|z Greece
|z Volos
|x History
|y 20th century.
|
| 650 |
0 |
0 |
|a Employees
|z Greece
|z Volos.
|
| 650 |
|
0 |
|a Working class
|z Greece
|z Volos
|x History.
|
| 651 |
|
0 |
|a Volos (Greece)
|x History.
|
| 852 |
|
|
|a INST
|b SAMOS
|e 19981006
|h 938.931 ΚΟΛ
|p 005300010483
|q 005300010483
|t BK
|y 0
|
| 901 |
|
|
|a BIBL-1998-3
|
| 909 |
|
|
|a Σ
|b 049968
|
| 922 |
|
|
|a 3ΕΛΗ
|b 199810
|c ΒΙΒΛΙΟΘΗΚΗ
|d ΜΙΧΑΛΟΠΟΥΛΟΣ
|